000
00259nam a2200109Ia 4500
008
190216s9999||||xx |||||||||||||| ||und||
100
_a
Das Gupta P
245
0
_a
Annual Accounts Under Vertical Form
260
_b
Kalyani Pub
_c
1980
300
_a
35p
942
_c
BK
999
_c
5040
_d
5040